[Event "GER-ch U25-C"]
[Site "Willingen"]
[Date "2023.06.03"]
[Round "9"]
[White "Gyacsok, Dzvinka"]
[Black "Voecking, Laura"]
[Result "1-0"]
[WhiteElo "1208"]
[BlackElo "1282"]
[PlyCount "77"]
[EventDate "2023.05.27"]
[EventType "swiss"]
[EventRounds "9"]
[EventCountry "GER"]
[SourceTitle "CBM 214 Extra"]
[Source "ChessBase"]
[SourceDate "2023.07.31"]
[SourceVersion "1"]
[SourceVersionDate "2023.07.31"]
[SourceQuality "1"]

1. e4 e6 2. d4 d5 3. exd5 exd5 4. Nf3 Nf6 5. Bg5 Be7 6. Nbd2 Nc6 7. Bb5 0-0 8. 0-0 Bf5 9. c3 a6 10. Be2 Ne4 11. Bf4 Bd6 12. Bg3 Nxg3 13. fxg3 Ne7 14. Nh4 Be6 15. Bd3 Ng6 16. Qh5 Qd7 17. Ndf3 Bg4 18. Qxd5 c6 19. Qb3 Ne7 20. Ng5 Be6 21. Bxh7+ Kh8 22. Nxe6 Qxe6 23. Qxe6 fxe6 24. Ng6+ Nxg6 25. Bxg6 Kg8 26. Rae1 Rxf1+ 27. Kxf1 Rf8+ 28. Kg1 Rf6 29. Be8 e5 30. dxe5 Re6 31. Bd7 Re7 32. e6 g5 33. Kf2 Kg7 34. Kf3 Kf6 35. Kg4 Bc5 36. Rf1+ Kg6 37. Rf7 Rxf7 38. exf7 Kxf7 39. Kxg5 1-0

[Event "GER-chT U14 Girls"]
[Site "Willingen"]
[Date "2021.06.26"]
[Round "5.5"]
[White "Gyacsok, Dzvinka"]
[Black "Muhina, Liana"]
[Result "0-1"]
[WhiteElo "1041"]
[BlackElo "1273"]
[PlyCount "122"]
[EventDate "2021.06.23"]
[EventType "team-swiss"]
[EventRounds "7"]
[EventCountry "GER"]
[SourceTitle "EXT 2022"]
[Source "ChessBase"]
[SourceDate "2021.10.06"]
[SourceVersion "1"]
[SourceVersionDate "2021.10.06"]
[SourceQuality "1"]
[WhiteTeam "Ingelheim"]
[BlackTeam "Garching"]
[WhiteTeamCountry "GER"]
[BlackTeamCountry "GER"]

1. e4 d5 2. exd5 Qxd5 3. Nc3 Qa5 4. d4 Nf6 5. Nf3 Bg4 6. h3 Bh5 7. g4 Bg6 8. h4 Nxg4 9. Bh3 Nf6 10. Bd2 c6 11. Ne5 Bh5 12. Ne4 Qd5 13. f3 Nxe4 14. Be3 Nf6 15. Bg2 Nbd7 16. Nxd7 Nxd7 17. Qd2 Bxf3 18. Bxf3 Qxf3 19. Rf1 Qe4 20. Qf2 Qg6 21. 0-0-0 Qf6 22. Qg3 Qd6 23. Bf4 Qd5 24. Qa3 e6 25. Qa4 Nb6 26. Qb3 Qxb3 27. axb3 0-0-0 28. c3 Nd5 29. Bh2 Bd6 30. Bg1 Bf4+ 31. Kc2 Ne3+ 32. Bxe3 Bxe3 33. Rxf7 Rd7 34. Rf3 Bh6 35. Ra1 a6 36. Re1 Re8 37. b4 g6 38. Rd3 Bg7 39. Re4 e5 40. Rd2 Kd8 41. Rd3 exd4 42. Rxe8+ Kxe8 43. cxd4 Rxd4 44. Re3+ Kd7 45. Rf3 Ke6 46. Re3+ Be5 47. Rf3 Rxb4 48. Rf8 Ke7 49. Rf3 Rxb2+ 50. Kd1 Rb4 51. Re3 Ke6 52. Rh3 a5 53. Ra3 b6 54. Rh3 a4 55. Rh2 Bxh2 56. Kc1 a3 57. Kd2 a2 58. Ke3 a1Q 59. Kd2 Rb3 60. Kc2 Qa2+ 61. Kd1 Rb1# 0-1

[Event "GER-chT U14 Girls"]
[Site "Neumuenster"]
[Date "2019.12.29"]
[Round "5.5"]
[White "Muhina, Alina"]
[Black "Gyacsok, Dzvinka"]
[Result "1/2-1/2"]
[WhiteElo "1228"]
[BlackElo "997"]
[PlyCount "107"]
[EventDate "2019.12.27"]
[EventType "team-swiss"]
[EventRounds "7"]
[EventCountry "GER"]
[SourceTitle "CBM 194 Extra"]
[Source "ChessBase"]
[SourceDate "2020.03.31"]
[SourceVersion "1"]
[SourceVersionDate "2020.03.31"]
[SourceQuality "1"]
[WhiteTeam "Garching"]
[BlackTeam "Ingelheim"]
[WhiteTeamCountry "GER"]
[BlackTeamCountry "GER"]

1. e4 e5 2. Nf3 Nc6 3. d4 exd4 4. Nxd4 Bc5 5. Nxc6 Qf6 6. Qf3 Qxc6 7. Nc3 b6 8. Bc4 Qf6 9. Qxf6 Nxf6 10. 0-0 Bb7 11. Re1 0-0 12. Bg5 Ng4 13. Bh4 Ne5 14. Bb3 h6 15. Bg3 d6 16. Rad1 Rfd8 17. Bxe5 dxe5 18. Rxd8+ Rxd8 19. Nb5 Rd2 20. Rf1 Ba6 21. c4 Bxb5 22. cxb5 Rxb2 23. Bc4 Rd2 24. Bb3 Re2 25. Bd5 Rd2 26. Bb3 Kf8 27. g3 Bd4 28. Rc1 Bc5 29. Rc2 Bxf2+ 30. Kf1 Rxc2 31. Bxc2 Bc5 32. g4 Ke7 33. h3 Be3 34. a4 Kd6 35. Bb3 f6 36. Ke2 Bf4 37. Kd3 c5 38. bxc6 Kxc6 39. Kc4 a6 40. Kb4 Bd2+ 41. Kc4 b5+ 42. axb5+ axb5+ 43. Kd3 Be1 44. Kc2 b4 45. Kd3 g6 46. Kc2 h5 47. gxh5 gxh5 48. Kd3 Kd6 49. Ke3 Bh4 50. Kd3 Kc5 51. Ke3 Bg5+ 52. Kd3 h4 53. Bg8 Kb5 54. Bb3 1/2-1/2